Гидрогеохимические особенности Центральнинского рудного района; Актуальные вопросы геологии и географии Сибири; Т. 3

Dades bibliogràfiques
Parent link:Актуальные вопросы геологии и географии Сибири: материалы научной конференции, посвященной 120-летию основания Томского государственного университета, Томск, 1-4 апреля 1998 г./ Томский государственный университет.— , 1998-
Т. 3.— 1998.— С. 257-259
Autor principal: Дутова Е. М. Екатерина Матвеевна
Idioma:rus
Publicat: 1998
Matèries:
Format: MixedMaterials Capítol de llibre
KOHA link:https://koha.lib.tpu.ru/cgi-bin/koha/opac-detail.pl?biblionumber=279196

MARC

LEADER 00000naa2a2200000 4500
001 279196
005 20240205151914.0
035 |a (RuTPU)RU\TPU\book\302474 
035 |a RU\TPU\book\302472 
090 |a 279196 
100 |a 20141217d1998 k y0rusy50 ca 
101 0 |a rus 
102 |a RU 
200 1 |a Гидрогеохимические особенности Центральнинского рудного района  |f Е. М. Дутова 
461 1 |0 (RuTPU)RU\TPU\book\44719  |t Актуальные вопросы геологии и географии Сибири  |o материалы научной конференции, посвященной 120-летию основания Томского государственного университета, Томск, 1-4 апреля 1998 г.  |f Томский государственный университет  |d 1998- 
463 0 |0 (RuTPU)RU\TPU\book\43955  |t  Т. 3  |v С. 257-259  |d 1998  |p 311 с. 
610 1 |a труды учёных ТПУ 
700 1 |a Дутова  |b Е. М.  |c гидрогеолог  |c профессор Томского политехнического университета, доктор геолого-минералогических наук  |f 1956-  |g Екатерина Матвеевна  |3 (RuTPU)RU\TPU\pers\26078  |9 11916 
801 1 |a RU  |b 63413507  |c 20081225  |g PSBO 
801 2 |a RU  |b 63413507  |c 20170411  |g PSBO 
942 |c BK